| 000 | 00370nam a22001337a 4500 | ||
|---|---|---|---|
| 020 | _a9789698810054 | ||
| 040 | _cNUST | ||
| 082 | _a297.64 TAL | ||
| 100 |
_aTalib Al Hashmi _982265 |
||
| 245 | _aSultan Noor Ud Din Mehmood Zangi | ||
| 260 |
_aLahore: _bTaha Publication, _c2019. |
||
| 650 |
_a Islam-Biography-Sultan Noor Ud Din Mehmood Zangi _989560 |
||
| 942 |
_2ddc _cBK |
||
| 999 |
_c586437 _d586437 |
||